| 000 | 00429nam a22001457a 4500 | ||
|---|---|---|---|
| 999 |
_c478249 _d478249 |
||
| 003 | NUST | ||
| 005 | 20180425054900.0 | ||
| 008 | 180425b ||||| |||| 00| 0 eng d | ||
| 082 | _a338.90091724 | ||
| 100 | _4The Pakistan Business Council | ||
| 245 | _a2017 Increasing imports, declining Exports & Premature Deindustrialization | ||
| 260 |
_aPakistan _bThe Pakistan Business Council _c2017 |
||
| 300 | _a135p | ||
| 942 |
_2ddc _cBK |
||